[Event "Euskadi-chT (Vasca) Div 1st"]
[Site "Bergara"]
[Date "2018.01.13"]
[Round "1.4"]
[White "Angulo Martinez, Jon"]
[Black "Vila Dupla, Aurelio"]
[Result "1-0"]
[WhiteElo "2206"]
[BlackElo "2170"]
[PlyCount "49"]
[EventDate "2018.01.13"]
[EventType "team-tourn"]
[EventRounds "9"]
[EventCountry "ESP"]
[SourceTitle "EXT 2020"]
[Source "ChessBase"]
[SourceDate "2019.10.17"]
[SourceVersion "1"]
[SourceVersionDate "2019.10.17"]
[SourceQuality "1"]
[WhiteTeam "Zuri Baltza"]
[BlackTeam "Oberena"]
[WhiteTeamCountry "ESP"]
[BlackTeamCountry "ESP"]

1. e4 c5 2. Nf3 d6 3. d4 cxd4 4. Nxd4 Nf6 5. Nc3 g6 6. Be3 Bg7 7. f3 0-0 8. Qd2 Nc6 9. 0-0-0 Nxd4 10. Bxd4 Qa5 11. Kb1 Rd8 12. h4 Be6 13. h5 Nxh5 14. Bxg7 Kxg7 15. g4 Nf6 16. Qh6+ Kg8 17. Bd3 Rac8 18. Nd5 Bxd5 19. exd5 Qxd5 20. g5 Qxf3 21. gxf6 Qxf6 22. Qxh7+ Kf8 23. Rdf1 Qg7 24. Bxg6 f6 25. Bf5 1-0

[Event "Euskadi-chT (Vasca) Div Honor"]
[Site "Bergara"]
[Date "2012.02.25"]
[Round "7.1"]
[White "Garbisu de Goni, Unai"]
[Black "Angulo Martinez, Jon"]
[Result "1-0"]
[WhiteElo "2450"]
[BlackElo "2202"]
[PlyCount "93"]
[EventDate "2012.01.14"]
[EventType "team-tourn"]
[EventRounds "9"]
[EventCountry "ESP"]
[SourceTitle "EXT 2024"]
[Source "ChessBase"]
[SourceDate "2023.10.10"]
[SourceVersion "1"]
[SourceVersionDate "2023.10.10"]
[SourceQuality "1"]
[WhiteTeam "Orvina"]
[BlackTeam "Altzaga Leioa"]
[WhiteTeamCountry "ESP"]
[BlackTeamCountry "ESP"]

1. e4 c5 2. Nf3 Nc6 3. d4 cxd4 4. Nxd4 Nf6 5. Nc3 e5 6. Ndb5 d6 7. Bg5 a6 8. Na3 b5 9. Nd5 Be7 10. Bxf6 Bxf6 11. c4 b4 12. Nc2 Rb8 13. g3 0-0 14. b3 Bg5 15. h4 Bh6 16. Bh3 Be6 17. Kf1 a5 18. Qd3 Ne7 19. Nxe7+ Qxe7 20. a3 Rb6 21. axb4 axb4 22. Kg2 g6 23. h5 Bg5 24. Bxe6 Qxe6 25. hxg6 fxg6 26. Ra7 Rf7 27. Rha1 h5 28. Rxf7 Qxf7 29. Ra4 Qb7 30. Ra5 Qc6 31. Ra7 Rb7 32. Ra4 Qc5 33. Qd5+ Qxd5 34. exd5 Kf7 35. Rxb4 Rxb4 36. Nxb4 Bd2 37. Nc2 Kf6 38. Kf3 g5 39. b4 Kf5 40. Ke2 Bc3 41. Kd3 Bd4 42. Nxd4+ exd4 43. c5 dxc5 44. bxc5 Ke5 45. c6 Kd6 46. Kxd4 h4 47. gxh4 1-0

[Event "Euskadi-chT (Vasca) Div 1st"]
[Site "Bergara"]
[Date "2011.03.05"]
[Round "9.4"]
[White "Angulo Martinez, Jon"]
[Black "Garcia San Martin, Alberto"]
[Result "0-1"]
[WhiteElo "2225"]
[BlackElo "1929"]
[PlyCount "75"]
[EventDate "2011.01.08"]
[EventType "team-tourn"]
[EventRounds "9"]
[EventCountry "ESP"]
[SourceTitle "EXT 2024"]
[Source "ChessBase"]
[SourceDate "2023.10.10"]
[SourceVersion "1"]
[SourceVersionDate "2023.10.10"]
[SourceQuality "1"]

1. e4 c6 2. d4 d5 3. Nc3 dxe4 4. Nxe4 Nf6 5. Nxf6+ gxf6 6. g3 Bf5 7. Bg2 Nd7 8. Ne2 e5 9. 0-0 Bg7 10. a4 0-0 11. c3 Qc7 12. h3 Bg6 13. f4 exf4 14. Bxf4 Qb6 15. Qd2 Rfe8 16. g4 f5 17. gxf5 Bxf5 18. Ng3 Bg6 19. h4 Nf6 20. Bh6 Qd8 21. Nf5 Bxf5 22. Rxf5 Ne4 23. Qf4 Bxh6 24. Qxh6 Re6 25. Qf4 Nd6 26. Rg5+ Rg6 27. Rg3 Kf8 28. h5 Qf6 29. Qe3 Rxg3 30. Qxg3 Re8 31. Rf1 Qe6 32. Kh1 Nf5 33. Qg5 Ne3 34. Re1 h6 35. Qc5+ Kg8 36. d5 Qe5 37. Bf3 Qf4 38. Rg1+ 0-1

[Event "Euskadi-chT (Vasca) Div 1st"]
[Site "Bergara"]
[Date "2011.02.26"]
[Round "8.1"]
[White "Reinaldo Castineira, Roi"]
[Black "Angulo Martinez, Jon"]
[Result "1-0"]
[WhiteElo "2497"]
[BlackElo "2225"]
[PlyCount "37"]
[EventDate "2011.01.08"]
[EventType "team-tourn"]
[EventRounds "9"]
[EventCountry "ESP"]
[SourceTitle "EXT 2024"]
[Source "ChessBase"]
[SourceDate "2023.10.10"]
[SourceVersion "1"]
[SourceVersionDate "2023.10.10"]
[SourceQuality "1"]

1. e4 e5 2. Bc4 Nc6 3. d3 Na5 4. Bxf7+ Kxf7 5. Qh5+ g6 6. Qxe5 Nc6 7. Qxh8 Nf6 8. Nc3 Nd4 9. Bg5 Nxc2+ 10. Kd1 Nxa1 11. e5 Be7 12. Qxd8 Bxd8 13. Bxf6 Bxf6 14. exf6 b5 15. Nf3 b4 16. Nd5 b3 17. Ng5+ Kg8 18. Re1 Bb7 19. f7+ 1-0

[Event "Euskadi-chT (Vasca) Div 1st"]
[Site "Bergara"]
[Date "2011.01.29"]
[Round "4.1"]
[White "Angulo Martinez, Jon"]
[Black "Huerga Leache, Mikel"]
[Result "1/2-1/2"]
[WhiteElo "2225"]
[BlackElo "2440"]
[PlyCount "162"]
[EventDate "2011.01.08"]
[EventType "team-tourn"]
[EventRounds "9"]
[EventCountry "ESP"]
[SourceTitle "EXT 2024"]
[Source "ChessBase"]
[SourceDate "2023.10.10"]
[SourceVersion "1"]
[SourceVersionDate "2023.10.10"]
[SourceQuality "1"]

1. e4 c5 2. Nf3 Nc6 3. d4 cxd4 4. Nxd4 Nf6 5. Nc3 e5 6. Ndb5 d6 7. Bg5 a6 8. Na3 b5 9. Nd5 Be7 10. Bxf6 Bxf6 11. c4 b4 12. Nc2 Rb8 13. Qd3 Bg5 14. g3 0-0 15. h4 Bh6 16. Bg2 Kh8 17. 0-0 g6 18. Nde3 Be6 19. Rfd1 Qb6 20. Nd5 Qa7 21. Nde3 Qb6 22. Nd5 Qc5 23. Nc7 Rbd8 24. b3 Bc8 25. Rf1 Rd7 26. Nd5 f5 27. a3 fxe4 28. Bxe4 a5 29. axb4 axb4 30. Kg2 Rdf7 31. f3 Bf5 32. Ra6 Bxe4 33. Qxe4 Na5 34. h5 gxh5 35. Ncxb4 Nxb3 36. Nd3 Qc8 37. Nxe5 Qxa6 38. Nxf7+ Rxf7 39. Qe6 Kg7 40. Ne7 Qa5 41. Qxd6 Qd2+ 42. Qxd2 Nxd2 43. Re1 Nxf3 44. Re6 h4 45. gxh4 Nxh4+ 46. Kg1 Rf4 47. c5 Rc4 48. c6 Rc2 49. Nd5 Ng6 50. c7 Bf4 51. Ra6 Rc4 52. Ra5 Rc1+ 53. Kf2 Kh6 54. Ra7 Bh2 55. Rb7 Be5 56. Ke3 Rc4 57. Rb4 Rc5 58. Rb5 Rxb5 59. c8Q Rxd5 60. Qb7 Rd4 61. Qh1+ Rh4 62. Qc6 Kg5 63. Qd5 Rf4 64. Qg2+ Rg4 65. Qd5 h5 66. Kf3 Rf4+ 67. Kg2 Nh4+ 68. Kg1 Kg4 69. Qg8+ Kh3 70. Qe6+ Kg3 71. Qg8+ Kh3 72. Qe6+ Rf5 73. Kh1 Kg3 74. Qg8+ Kf3 75. Qb3+ Kf4 76. Qc4+ Kg5 77. Qg8+ Ng6 78. Qd8+ Kh6 79. Qd2+ Rg5 80. Qd7 h4 81. Qh7+ Kxh7 1/2-1/2

[Event "Euskadi-chT"]
[Site "Bergara"]
[Date "2010.01.23"]
[Round "3.5"]
[White "Arnaez Gil, Juan Ignacio"]
[Black "Angulo Martinez, Jon"]
[Result "0-1"]
[WhiteElo "2242"]
[BlackElo "2212"]
[PlyCount "130"]
[EventDate "2010.01.09"]
[EventType "team-tourn"]
[EventRounds "9"]
[EventCountry "ESP"]
[SourceTitle "EXT 2011"]
[Source "ChessBase"]
[SourceDate "2010.11.26"]
[SourceVersion "1"]
[SourceVersionDate "2010.11.26"]
[SourceQuality "1"]

1. Nf3 d5 2. g3 c5 3. Bg2 Nc6 4. 0-0 Nf6 5. d3 e5 6. e4 dxe4 7. dxe4 Qxd1 8. Rxd1 Bg4 9. c3 Nxe4 10. Re1 0-0-0 11. Na3 f5 12. Nc4 Bd6 13. h3 Bxf3 14. Bxf3 Nf6 15. Bxc6 bxc6 16. Be3 e4 17. Nxd6+ Rxd6 18. Bxc5 Rd7 19. c4 Rhd8 20. b4 a6 21. Bb6 Re8 22. Rad1 Ree7 23. Kf1 Rxd1 24. Rxd1 Nd7 25. Bd4 Kc7 26. Ke2 g6 27. Be3 Kb7 28. Bf4 Nb6 29. Rd4 Na4 30. c5 Nc3+ 31. Kd2 Nd5 32. Be3 Kc8 33. Kc2 Rb7 34. a3 a5 35. Bd2 axb4 36. axb4 Kd7 37. Kb3 Ke6 38. Bc3 Ra7 39. Bb2 Rd7 40. Rd1 Nc7 41. Rxd7 Kxd7 42. Kc4 Ke6 43. Bc1 Nb5 44. h4 Kf6 45. Bb2+ Kf7 46. Kb3 Ke6 47. Kc4 f4 48. g4 h5 49. Bc1 f3 50. gxh5 gxh5 51. Kb3 Kf5 52. Ka4 Nc3+ 53. Ka5 Nd5 54. Bd2 e3 55. Be1 e2 56. b5 cxb5 57. Kxb5 Ke6 58. c6 Kd6 59. Kc4 Nf4 60. Kd4 Ng2 61. Bb4+ Kxc6 62. Ke4 e1Q+ 63. Bxe1 Nxe1 64. Kf4 Kd5 65. Kg5 Nd3 0-1

[Event "Erandio op 18th"]
[Site "Erandio"]
[Date "2009.12.26"]
[Round "8"]
[White "Angulo Martinez, Jon"]
[Black "Marchena Hurtado, Ander"]
[Result "1-0"]
[WhiteElo "2198"]
[BlackElo "1888"]
[PlyCount "99"]
[EventDate "2009.12.19"]
[EventType "swiss"]
[EventRounds "9"]
[EventCountry "ESP"]
[SourceTitle "CBM 133 Extra"]
[Source "ChessBase"]
[SourceDate "2010.01.05"]
[SourceVersion "1"]
[SourceVersionDate "2010.01.05"]
[SourceQuality "1"]

1. e4 e5 2. Nf3 Nc6 3. Bb5 a6 4. Ba4 Nf6 5. 0-0 Be7 6. Re1 b5 7. Bb3 d6 8. c3 0-0 9. d3 Na5 10. Bc2 c5 11. Nbd2 Nd7 12. Nf1 Re8 13. Ng3 g6 14. Bh6 c4 15. d4 Nc6 16. d5 Ncb8 17. b3 cxb3 18. axb3 Nb6 19. h3 N8d7 20. Qd2 Bb7 21. Nh2 Rc8 22. Ngf1 Rc5 23. Bd3 Qc7 24. c4 bxc4 25. bxc4 Nxc4 26. Qe2 Ndb6 27. Ng4 Rc8 28. Nfe3 Nxe3 29. Bxe3 Rc3 30. Bxa6 Rc2 31. Qf3 Bd8 32. Reb1 Bxa6 33. Rxa6 Nc4 34. Ra7 Nd2 35. Nh6+ Kh8 36. Bxd2 Qxa7 37. Nxf7+ Kg8 38. Nxd6 R8c7 39. Bh6 Rf7 40. Qxf7+ Qxf7 41. Nxf7 Kxf7 42. Rb7+ Rc7 43. Rxc7+ Bxc7 44. Kf1 Ke8 45. Ke2 Bd8 46. Bg7 Bc7 47. g3 Kf7 48. Bh6 Kf6 49. f4 Bd6 50. Kd3 1-0

[Event "Erandio op 18th"]
[Site "Erandio"]
[Date "2009.12.22"]
[Round "5"]
[White "Angulo Martinez, Jon"]
[Black "Gonzalez Rodriguez, Jorge Armando"]
[Result "0-1"]
[WhiteElo "2198"]
[BlackElo "2441"]
[PlyCount "56"]
[EventDate "2009.12.19"]
[EventType "swiss"]
[EventRounds "9"]
[EventCountry "ESP"]
[SourceTitle "CBM 133 Extra"]
[Source "ChessBase"]
[SourceDate "2010.01.05"]
[SourceVersion "1"]
[SourceVersionDate "2010.01.05"]
[SourceQuality "1"]

1. e4 e6 2. d4 d5 3. Nc3 Bb4 4. exd5 exd5 5. Bd3 Nc6 6. a3 Bxc3+ 7. bxc3 Nge7 8. Ne2 Bf5 9. Ng3 Bg6 10. Rb1 b6 11. 0-0 0-0 12. h4 Qd7 13. h5 Bxd3 14. cxd3 h6 15. Qf3 Rae8 16. Bd2 Nd8 17. Rfe1 Ne6 18. Re2 f5 19. Rbe1 Rf6 20. Re5 f4 21. Nf1 Ng5 22. Qe2 f3 23. Rxe7 Rxe7 24. Qxe7 Qg4 25. Qd8+ Kh7 26. Ne3 Qxh5 27. Qxd5 fxg2 28. Nxg2 Nf3+ 0-1

[Event "Erandio op 18th"]
[Site "Erandio"]
[Date "2009.12.20"]
[Round "3"]
[White "Angulo Martinez, Jon"]
[Black "Savchenko, Stanislav"]
[Result "1/2-1/2"]
[WhiteElo "2198"]
[BlackElo "2536"]
[PlyCount "40"]
[EventDate "2009.12.19"]
[EventType "swiss"]
[EventRounds "9"]
[EventCountry "ESP"]
[SourceTitle "CBM 133 Extra"]
[Source "ChessBase"]
[SourceDate "2010.01.05"]
[SourceVersion "1"]
[SourceVersionDate "2010.01.05"]
[SourceQuality "1"]

1. e4 c5 2. Nf3 d6 3. d4 cxd4 4. Nxd4 Nf6 5. Nc3 a6 6. g3 e5 7. Nb3 Nbd7 8. a4 b6 9. Bg2 Bb7 10. 0-0 Be7 11. Re1 0-0 12. Nd2 Rc8 13. Nf1 Nc5 14. Bg5 Ne6 15. Bxf6 Bxf6 16. Ne3 g6 17. Ncd5 Bg5 18. c3 Bxe3 19. Rxe3 Bxd5 20. Qxd5 Qe7 1/2-1/2

[Event "Benidorm op U2300 08th"]
[Site "Benidorm"]
[Date "2009.11.30"]
[Round "3"]
[White "Voiteanu, Christian Gabriel"]
[Black "Angulo Martinez, Jon"]
[Result "1-0"]
[WhiteElo "2264"]
[BlackElo "2217"]
[PlyCount "43"]
[EventDate "2009.11.28"]
[EventType "swiss"]
[EventRounds "10"]
[EventCountry "ESP"]
[SourceTitle "CBM 133 Extra"]
[Source "ChessBase"]
[SourceDate "2010.01.05"]
[SourceVersion "1"]
[SourceVersionDate "2010.01.05"]
[SourceQuality "1"]

1. d4 d5 2. c4 c6 3. Nf3 Nf6 4. e3 e6 5. Nc3 Nbd7 6. Bd2 Be7 7. Qc2 0-0 8. Bd3 c5 9. 0-0 cxd4 10. exd4 dxc4 11. Bxc4 Nb6 12. Bd3 h6 13. Ne4 Nxe4 14. Bxe4 Bf6 15. Rfd1 Nd5 16. Ne5 Qb6 17. Qd3 Bxe5 18. dxe5 Qxb2 19. Qg3 Kh8 20. Rab1 Qxa2 21. Rb3 Qa4 22. Bxh6 1-0

[Event "Erandio op 17th"]
[Site "Erandio"]
[Date "2008.12.22"]
[Round "5"]
[White "Angulo Martinez, Jon"]
[Black "Savchenko, Stanislav"]
[Result "0-1"]
[WhiteElo "2191"]
[BlackElo "2565"]
[PlyCount "108"]
[EventDate "2008.12.20"]
[EventType "swiss"]
[EventRounds "9"]
[EventCountry "ESP"]
[SourceTitle "EXT 2024"]
[Source "ChessBase"]
[SourceDate "2023.10.10"]
[SourceVersion "1"]
[SourceVersionDate "2023.10.10"]
[SourceQuality "1"]

1. e4 c5 2. Nf3 e6 3. d4 cxd4 4. Nxd4 Nc6 5. Nc3 a6 6. Be3 Nf6 7. Bd3 Qc7 8. 0-0 Nxd4 9. Bxd4 Bc5 10. Bxc5 Qxc5 11. Qf3 d6 12. Qg3 0-0 13. Rfe1 e5 14. Qe3 Qxe3 15. Rxe3 Be6 16. a4 Rac8 17. f3 Rfd8 18. a5 Kf8 19. Ra4 Rc5 20. Kf2 h5 21. h4 g6 22. Re1 Rdc8 23. Rb4 R8c7 24. Ra1 Nd7 25. g3 f5 26. Ke3 Ke7 27. Raa4 Nf6 28. Rb6 d5 29. exd5 Bxd5 30. Rbb4 Bc6 31. Ra1 Rxc3 32. bxc3 Nd5+ 33. Ke2 Nxb4 34. cxb4 e4 35. fxe4 fxe4 36. Bc4 Bd7 37. Bb3 Rc3 38. Bd5 Rxc2+ 39. Ke3 Bc6 40. Bxc6 bxc6 41. Rd1 Rc3+ 42. Kd4 Rxg3 43. Kc5 Rc3+ 44. Kb6 Rc4 45. Rb1 e3 46. Kxa6 e2 47. b5 cxb5 48. Kxb5 Re4 49. Re1 Kd6 50. Kb6 Rb4+ 51. Ka7 Rb2 52. a6 Ke5 53. Ka8 Kf4 54. a7 Ra2 0-1

[Event "Erandio op 17th"]
[Site "Erandio"]
[Date "2008.12.21"]
[Round "3"]
[White "Angulo Martinez, Jon"]
[Black "Villanueva Arguinberri, Bruno"]
[Result "1-0"]
[WhiteElo "2191"]
[BlackElo "1976"]
[PlyCount "47"]
[EventDate "2008.12.20"]
[EventType "swiss"]
[EventRounds "9"]
[EventCountry "ESP"]
[SourceTitle "EXT 2024"]
[Source "ChessBase"]
[SourceDate "2023.10.10"]
[SourceVersion "1"]
[SourceVersionDate "2023.10.10"]
[SourceQuality "1"]

1. e4 e5 2. Nf3 Nf6 3. Nxe5 d6 4. Nf3 Nxe4 5. d4 d5 6. Bd3 Bd6 7. 0-0 0-0 8. c4 c6 9. cxd5 cxd5 10. Nc3 Nxc3 11. bxc3 Bg4 12. Rb1 b6 13. Rb5 Bc7 14. h3 a6 15. Rxd5 Qxd5 16. hxg4 Qxa2 17. Bxh7+ Kxh7 18. Ng5+ Kg8 19. Qd3 g6 20. Qh3 Kg7 21. Qh7+ Kf6 22. Re1 Nc6 23. Nxf7 Bf4 24. g5+ 1-0

[Event "Barakaldo Gurutzeta op 8th"]
[Site "Barakaldo"]
[Date "2008.05.17"]
[Round "1.3"]
[White "Mirzoev, Azer"]
[Black "Angulo Martinez, Jon"]
[Result "1-0"]
[WhiteElo "2543"]
[BlackElo "2194"]
[PlyCount "69"]
[EventDate "2008.05.17"]
[EventType "swiss"]
[EventRounds "8"]
[EventCountry "ESP"]
[SourceTitle "EXT 2024"]
[Source "ChessBase"]
[SourceDate "2023.10.10"]
[SourceVersion "1"]
[SourceVersionDate "2023.10.10"]
[SourceQuality "1"]

1. d4 Nf6 2. c4 e6 3. Nf3 Bb4+ 4. Nbd2 0-0 5. a3 Bxd2+ 6. Bxd2 d5 7. Qc2 Ne4 8. Bf4 c6 9. e3 Nd7 10. Bd3 f5 11. h3 Nb6 12. b3 Bd7 13. Bh2 Be8 14. 0-0 Bh5 15. Ne5 Nd7 16. f3 Nxe5 17. Bxe5 Nf6 18. b4 Nd7 19. Bh2 Qg5 20. Rae1 Nb6 21. c5 Nd7 22. b5 Be8 23. bxc6 bxc6 24. Bf4 Qh5 25. Bd6 Rf6 26. Rb1 Rg6 27. Kh2 Rh6 28. Qf2 g5 29. Rb7 Nf6 30. Be5 Rg6 31. Qg3 g4 32. Bxf6 Bf7 33. Be5 gxh3 34. Qxh3 Qg5 35. Bf4 1-0

[Event "Erandio op"]
[Site "Erandio"]
[Date "2007.12.20"]
[Round "6"]
[White "Angulo Martinez, Jon"]
[Black "Garcia Sanchez, Jose Manuel"]
[Result "1-0"]
[WhiteElo "2182"]
[BlackElo "1929"]
[PlyCount "135"]
[EventDate "2007.12.17"]
[EventType "swiss"]
[EventRounds "9"]
[EventCountry "ESP"]
[SourceTitle "CBM 121 Extra"]
[Source "ChessBase"]
[SourceDate "2008.01.10"]
[SourceVersion "1"]
[SourceVersionDate "2008.01.10"]
[SourceQuality "1"]

1. e4 c5 2. Nf3 d6 3. d4 cxd4 4. Nxd4 Nf6 5. Nc3 a6 6. Be3 e6 7. Bd3 Nc6 8. Nb3 Be7 9. a4 b6 10. 0-0 0-0 11. f4 Qc7 12. Qe1 Nb4 13. Rc1 Bb7 14. h3 Rac8 15. Qf2 Nd7 16. Rfd1 Nc5 17. Nd4 Nbxd3 18. cxd3 Qd7 19. Qc2 e5 20. Nf5 exf4 21. Bxf4 Ne6 22. Be3 Bd8 23. Qf2 Nc5 24. Qg3 f6 25. Qxd6 Rc6 26. Qxd7 Nxd7 27. Nd4 Rc8 28. Nf5 Ne5 29. Nd6 Rc7 30. Nxb7 Rxb7 31. Nd5 b5 32. axb5 axb5 33. b3 Re8 34. Rc8 Kf7 35. Bd4 Ba5 36. Rxe8 Kxe8 37. Ra1 Bd8 38. Bxe5 fxe5 39. Ra6 Kd7 40. Kf1 Bh4 41. Ra8 Kd6 42. b4 Rf7+ 43. Kg1 Bf2+ 44. Kh2 Bd4 45. Ra2 Kc6 46. Ra6+ Kb7 47. Re6 Kc8 48. Re7 Rxe7 49. Nxe7+ Kd7 50. Nd5 Bf2 51. g3 Be1 52. Kg2 Ke6 53. Kf3 h5 54. g4 g6 55. Ke2 Bh4 56. Kd2 Kd6 57. Ne3 Bg5 58. Ke2 Bxe3 59. Kxe3 Ke6 60. d4 Kd6 61. dxe5+ Kxe5 62. gxh5 gxh5 63. h4 Ke6 64. Kd4 Kd6 65. e5+ Ke6 66. Ke4 Ke7 67. Kd5 Kd7 68. Kc5 1-0

[Event "Erandio op"]
[Site "Erandio"]
[Date "2007.12.18"]
[Round "5"]
[White "Epishin, Vladimir"]
[Black "Angulo Martinez, Jon"]
[Result "1-0"]
[WhiteElo "2578"]
[BlackElo "2182"]
[PlyCount "49"]
[EventDate "2007.12.17"]
[EventType "swiss"]
[EventRounds "9"]
[EventCountry "ESP"]
[SourceTitle "CBM 121 Extra"]
[Source "ChessBase"]
[SourceDate "2008.01.10"]
[SourceVersion "1"]
[SourceVersionDate "2008.01.10"]
[SourceQuality "1"]

1. Nf3 Nf6 2. c4 e6 3. g3 b6 4. Bg2 Bb7 5. 0-0 Be7 6. Re1 d6 7. Nc3 Nbd7 8. e4 Ne5 9. d4 Nxf3+ 10. Bxf3 e5 11. Nd5 0-0 12. b3 Nxd5 13. cxd5 exd4 14. Bb2 c5 15. dxc6 Bxc6 16. Rc1 Bb7 17. Rc4 d5 18. exd5 Bc5 19. Bxd4 Bxd4 20. Qxd4 Qd6 21. Qe5 Qa3 22. Rc7 Ba6 23. d6 Rad8 24. Rxa7 Rb8 25. d7 1-0

[Event "Euskadi-ch"]
[Site "Zornotza"]
[Date "2007.04.11"]
[Round "3"]
[White "Diez Fraile, David"]
[Black "Angulo Martinez, Jon"]
[Result "1/2-1/2"]
[WhiteElo "2131"]
[BlackElo "2173"]
[PlyCount "45"]
[EventDate "2007.04.10"]
[EventType "swiss"]
[EventRounds "7"]
[EventCountry "ESP"]
[SourceTitle "EXT 2008"]
[Source "ChessBase"]
[SourceDate "2007.11.25"]
[SourceVersion "1"]
[SourceVersionDate "2007.11.25"]
[SourceQuality "1"]

1. d4 Nf6 2. Nf3 e6 3. Bf4 b6 4. e3 Bb7 5. Bd3 Be7 6. Nbd2 d5 7. h3 0-0 8. 0-0 c5 9. c3 Ba6 10. Bxa6 Nxa6 11. Qe2 Nc7 12. Rfd1 Nce8 13. e4 dxe4 14. Nxe4 Nxe4 15. Qxe4 Nf6 16. Qc2 Qc8 17. dxc5 Bxc5 18. Rd2 Qa6 19. Be5 Be7 20. a3 Rad8 21. Rad1 Qc8 22. Qa4 Rxd2 23. Rxd2 1/2-1/2

[Event "San Sebastian op 30th"]
[Site "San Sebastian"]
[Date "2007.04.07"]
[Round "8"]
[White "Angulo Martinez, Jon"]
[Black "Hanly, Steven"]
[Result "1-0"]
[WhiteElo "2165"]
[BlackElo "1986"]
[PlyCount "133"]
[EventDate "2007.04.01"]
[EventType "swiss"]
[EventRounds "9"]
[EventCountry "ESP"]
[SourceTitle "CBM 117 Extra"]
[Source "ChessBase"]
[SourceDate "2007.05.09"]
[SourceVersion "1"]
[SourceVersionDate "2007.05.09"]
[SourceQuality "1"]

1. e4 e6 2. d3 d5 3. Qe2 dxe4 4. dxe4 Nf6 5. g3 Be7 6. Bg2 c5 7. e5 Nd5 8. Qg4 Bf8 9. Nf3 Nc6 10. 0-0 Qc7 11. Re1 b5 12. a4 b4 13. Nbd2 Nde7 14. Nc4 Ng6 15. Rd1 Ba6 16. Nd6+ Bxd6 17. exd6 Qd7 18. h4 Be2 19. Rd2 Bxf3 20. Qxf3 Rc8 21. c3 a5 22. Qe2 0-0 23. h5 Nh8 24. Rd3 f6 25. Bh3 Rfe8 26. Bf4 Nf7 27. Re1 f5 28. g4 e5 29. Be3 e4 30. Rd5 Nce5 31. gxf5 Nf3+ 32. Kg2 Nxe1+ 33. Qxe1 Qc6 34. Qd1 Rcd8 35. Bf4 e3 36. fxe3 Nxd6 37. Kf1 Nf7 38. Bg2 Qa6+ 39. Kf2 bxc3 40. bxc3 Qb6 41. c4 Qb2+ 42. Kg3 Qf6 43. Rxd8 Rxd8 44. Bd5 Kf8 45. Qb1 Nd6 46. Kg4 Nf7 47. Qb5 Nh6+ 48. Bxh6 gxh6 49. Qxc5+ Rd6 50. Qc8+ Rd8 51. Qc5+ Rd6 52. Qc8+ Rd8 53. Qe6 Qg5+ 54. Kf3 Qxh5+ 55. Kf2 Qh2+ 56. Kf1 Qh3+ 57. Ke2 Qg4+ 58. Kd2 Qg2+ 59. Kc3 Rxd5 60. Qxh6+ Qg7+ 61. Qxg7+ Kxg7 62. cxd5 Kf6 63. e4 Ke5 64. Kd3 h5 65. Ke3 h4 66. Kf3 h3 67. Kg3 1-0